Movies Quiz

Random Movies Quiz
Score 0/20 Timer 07:00
0 Plays Today
% Correct
I am serious. And don't call me Shirley.
96.7%
Alright, Give me Hamm on 5, hold the Mayo.
96.7%
I can't tell you that. It's classified.
95.5%
It's a damn good thing you don't know how much he hates your guts.
95%
Yes, I remember; I had the lasagna.
95%
This? Why I could make a hat, or a brooch, a pterodactyl. . .
94.9%
No, thank you. I take it black ... like my men.
94.3%
It's an entirely different kind of flying.
94.3%
No, that's just what they'll be expecting us to do.
94.3%
And Leon's getting laaaaaaaaaaaaaaaaarrrrrrrrrger.
91.6%
% Correct
No thanks, we gave at the office.
91.3%
It's just a lot harder to put baseball cards in the spokes
91.1%
The hell I don't!
89.8%
You can tell me. I'm a doctor.
88.5%
Just like Gerald Ford.
87.6%
I haven't felt this awful since we saw that Ronald Reagan film.
86.2%
There's a sale at Penny's!
85.7%
Bap babe. Slide a piece of the porter. drink side, run the java.
84%
Jim never vomits at home.
83.4%
What a pisser.
74.5%
Remove Ads.
Support Sporcle.
Get the best of Sporcle when you Go Orange. This ad-free experience offers more features, more stats, and more fun while also helping to support Sporcle. Thank you for becoming a member.

You're not logged in!

Compare scores with friends on all Sporcle quizzes.
OR
Log In

Show Comments

Extras

Created Dec 18, 2014ReportNominate
Tags:airplane, Comedy, Comedy Movie

Top Quizzes Today


Score Distribution

Your Account Isn't Verified!

In order to create a playlist on Sporcle, you need to verify the email address you used during registration. Go to your Sporcle Settings to finish the process.

Report this User

Report this user for behavior that violates our Community Guidelines.

Details: